000 00788nam a22002177a 4500
005 20170613111312.0
010 _a1617EN
020 _a9789386070821
_c475.00
035 _aB-667460
037 _bBSB
_adpl
082 _a621.381
100 _aChattopadhyay, D
245 _aElectronics:
_cby D Chattopdhyay and P.C. Rakshit
_b fundamentals and applications /
250 _a14th ed
260 _aNew Delhi
_bNew age International
_c2017
270 _a7/30 A, Daryaganj
_bNew Delhi
_e110002
300 _axx, 748p.:
_c24cm(pbk)
_billus.
700 _aRakshit, P.C
942 _2ddc
_cEN
_h620.381
_mCHA
999 _c141029
_d141029